000 00910nam a22002177a 4500
999 _c21175
_d21175
003 AR-CdUCM
008 190312b ||||| |||| 00| 0 spa d
040 _aMUNICIPALIDAD PROVINCIAL DEL CUSCO
_cBIBLIOTECA MUNICIPAL DEL CUSCO
082 _a985.338 / A93
_bA93
100 _aAiquipa Ampuero, Roberto
_944254
245 _aSabaino un puntito de Apurimac /
_cRoberto B. Aiquipa Ampuero
260 _aCusco :
_bLDC,
_c2016.
300 _a320 páginas ;
_c20 cm.
505 _aContenido: Delimitación geográfica -- Referencia histórica -- Realidad económica -- Realidad social -- Realidad cultural -- Realidad religiosa -- Experiencias personales -- Anécdotas más usuales.
650 _aCondiciones económicas
_91989
650 _aCondiciones sociales
_944255
650 _aApurímac, (Perú : Departamento)
_97271
650 _aVida y costumbres sociales
_9857
942 _2ddc
_cLIBROS
945 _aRoel